| 000 | 01062nam a22001931a 4500 | ||
|---|---|---|---|
| 040 | _aNSHSPK | ||
| 082 |
_a617.735 _bMAR |
||
| 100 | 1 |
_aMarashi, Ameen _eauthor. _9126562 |
|
| 245 | 1 | 0 |
_aAtlas of fundus fluorescein angiography for approaching macular diseases : _bFFA's approach / _cAmeen Marashi. |
| 260 |
_aConnecticut, USA : _b[Self Publication], _c2024. |
||
| 300 |
_a143 pages : _billustrations (chiefly color) ; _c23cm. |
||
| 504 | _aIncludes bibliographical references and index. | ||
| 520 | _aThis atlas provides a comprehensive guide to fundus fluorescein angiography (FFA) with a focus on diagnosing macular diseases. It includes high-quality imaging to aid ophthalmologists in interpreting FFA results for clinical decision-making. | ||
| 650 | 0 |
_aFluorescein angiography _vAtlases. _9126563 |
|
| 651 | 0 |
_aMacula lutea _xDiseases _xDiagnosis _vAtlases. _9126564 |
|
| 651 | 0 |
_aRetinal vascular diseases _xImaging _vAtlases. _9126565 |
|
| 942 |
_2ddc _cBK |
||
| 999 |
_c612198 _d612198 |
||